| 000 | 00355nam a2200145 i 4500 | ||
|---|---|---|---|
| 001 | bg | ||
| 245 | 0 |
_aAtomistyka polska w latach 1964-1972 / _c[aut. Józef Bara et al.]. |
|
| 260 |
_aWarszawa, _c1974. |
||
| 700 | 1 | _aBara, Józef. | |
| 040 | _cBPK | ||
| 041 | _apol | ||
| 080 | _a621.039(438) | ||
| 942 | _cKS | ||
| 008 | s pl f |000 0 pol | ||
| 999 |
_c9873 _d9873 |
||
| 856 |
_uhttp://koha.tu.koszalin.pl/cgi-bin/koha/opac-detail.pl?biblionumber=9873 _yKatalog online BPK |
||